000 00655cam a2200181 4500500
005 20260405000813.0
041 _afre
042 _adc
100 1 0 _aN’Diaye, Aïda
_eauthor
245 0 0 _a« L’homme veut la concorde, mais la nature veut la discorde » Emmanuel Kant, Idée d’une histoire universelle au point de vue cosmopolitique (1784)
260 _c2009.
500 _a31
690 _aDiscorde
690 _aHarmonie
690 _aPaix
786 0 _nPhilosophie magazine | 31 | 7 | 2009-07-01 | p. 33-33 | 1951-1787
856 4 1 _uhttps://shs.cairn.info/magazine-philosophie-magazine-2009-7-page-33?lang=fr&redirect-ssocas=7080
999 _c2040923
_d2040923